Verdades y saberes del marxismo. Reacciones de una tradición política ante su crisis
-д хадгалсан:
| Үндсэн зохиолч: | |
|---|---|
| Формат: | Ном |
| Хэл сонгох: | испани |
| Хэвлэсэн: |
Buenos Aires, Argentina.
Fondo de Cultura Económica,
2005
|
| Хэвлэл: | 1a. ed |
| Цуврал: | Sección de Obras de Filosofía
|
| Нөхцлүүд: | |
| Онлайн хандалт: | Disponible Online - Cap 1 |
| Шошгууд: |
Шошго нэмэх
Шошго байхгүй, Энэхүү баримтыг шошголох эхний хүн болох!
|
MARC
| LEADER | 00000cam a2200000 a 4500 | ||
|---|---|---|---|
| 001 | UCD8904 | ||
| 003 | CL-VaPUC | ||
| 005 | 20250313110308.0 | ||
| 008 | 170527e20050000ag |||||||||||||||||spa|d | ||
| 999 | |c 368210 |d 368208 | ||
| 020 | |a 9789505576579 | ||
| 040 | |c Pontificia Universidad Católica de Valparaíso | ||
| 082 | 0 | 4 | |a 335.4 PAL 2005 |2 21 |
| 100 | |a Palti, Elías José |e autor |9 557290 | ||
| 245 | 1 | 0 | |a Verdades y saberes del marxismo. |b Reacciones de una tradición política ante su crisis |
| 250 | |a 1a. ed | ||
| 260 | |a Buenos Aires, Argentina. |b Fondo de Cultura Económica, |c 2005 | ||
| 300 | |a 232 páginas | ||
| 490 | 0 | |a Sección de Obras de Filosofía | |
| 583 | |a last modification |c 20170527 00:32:00 |k Rodrigo Vera | ||
| 650 | 0 | |a Marxismo |2 CL-VaPUC |9 256037 | |
| 650 | 0 | |a Filosofía política |9 295215 | |
| 650 | 0 | |a Filosofía marxista |9 337959 | |
| 852 | |a BIBEDU | ||
| 856 | |u http://bibliografiadigital.pucv.cl.pucv.idm.oclc.org/index.php/bibliotecapucv/catalog/book/830 |y Disponible Online - Cap 1 | ||
| 942 | |c BK |2 ddc | ||
| 945 | |d 20170527 00:32:00 |a arojas | ||
| 952 | |0 0 |1 0 |3 erb |4 0 |6 335_400000000000000_PAL_2005 |7 0 |8 A |9 483482 |a BIBEDU |b BIBEDU |i 5377749 |o 335.4 PAL 2005 |p 5377749 |r 2019-11-24 |w 2019-11-24 |y BK |z Catalogado en:20170527 |k FIL | ||